| 000 | 00443nam a22001577a 4500 | ||
|---|---|---|---|
| 008 | 160811b xxu||||| |||| 00| 0 eng d | ||
| 020 | _a9782035331182 | ||
| 050 | _aPC2267.D815 2001 | ||
| 100 |
_aDubois, Jean _98426 |
||
| 245 |
_aLarousse Grammaire _cJean Dubois |
||
| 260 |
_aParis _bLarousse _c2001 |
||
| 300 |
_a191p. ; _c23cm. |
||
| 440 |
_aLivres de bord _924765 |
||
| 650 |
_aFrench languages _xGrammar _924766 |
||
| 942 |
_2lcc _cMONOGRAPH |
||
| 999 |
_c124905 _d124905 |
||